Bundesländer nach Grenzen - Sudden Death - Statistiken

Allgemein
  • Dieses Quiz wurde 128 mal gespielt
    119 seit der letzten Aktualisierung
  • Das Durchschnittsergebnis liegt bei 3 aus 6
Answers on the Grid
Answers color-coded by a green-red scale on the quiz's grid according to % correct below.
Mecklenburg-Vorpommern
Brandenburg
Hamburg
Berlin
Sachsen-Anhalt
Niedersachsen
Schleswig-Holstein
Bremen
Thüringen
Hessen
Nordrhein-Westfalen
Saarland
Bayern
Sachsen
Baden-Württemberg
Rheinland-Pfalz
Apfel
Birne
 
Antwortstatistiken
Antwort % Korrekt
Niedersachsen
56%
Bayern
53%
Rheinland-Pfalz
44%
Apfel
43%
Birne
43%
Thüringen
35%
Keine übereinstimmenden Quizze gefunden
Verteilung der Resultate
Anzahl Personen mit jedem Resultat
Perzentil nach korrekt beantworteten Fragen
Ihre Resultats-Entwicklung
Sie haben dieses Quiz seit der letzten Aktualisierung nicht gespielt